22062nam a22001697a 45009990017000001000060000172450086000772600027001633000009001905202128600199650004221485856003321527942001121560952011521571952010321686952010321789 c68384d68381 aGhulam Mustafa Channaa19-MIAC-02aDr. Ehsan Ali Buriro aBehavioral Modeling and Simulation of Clock and Data Recovery Circuit (ME THESIS) aQUESTbNawabshahc2024 a67p. aABSTRACT My research represents an innovative approach that is able to classify gender and singers in duet compositions using NN. Utilizing a multi-layer perceptron (MLP) neural network, the research delves into the intricate process of classifying gender and singers from a dataset of duet songs. The methodology begins with the collection of a diverse range of duet songs from various sources, ensuring a broad representation of genders, genres, and vocal styles. These songs undergo a meticulous preprocessing phase, including noise reduction, normalization, and segmentation, to prepare clean and uniform audio data for feature extraction. Key characteristics for example are MFCCs, Chroma Shape, Contrast Shape, and others are extracted and normalized to facilitate efficient NN training. The study then proceeds to train the MLP neural network using these extracted features, concentrating on fine-tuning hyperparameters for precise classification. The neural network's performance is rigorously assessed through testing, validation, and metrics such as accuracy, precision, recall, and Fl-score. Results show that the neural network model effectively determines gender and singer identity in duet compositions with notable precision and few errors. This research highlights the capabilities of neural networks in music information retrieval and sets the stage for future developments in more sophisticated systems like neuro-fuzzy neural networks, which classification outcomes. could offer improved clarity in ABSTRACT My research represents an innovative approach that is able to classify gender and singers in duet compositions using NN. Utilizing a multi-layer perceptron (MLP) neural network, the research delves into the intricate process of classifying gender and singers from a dataset of duet songs. The methodology begins with the collection of a diverse range of duet songs from various sources, ensuring a broad representation of genders, genres, and vocal styles. These songs undergo a meticulous preprocessing phase, including noise reduction, normalization, and segmentation, to prepare clean and uniform audio data for feature extraction. Key characteristics for example are MFCCs, Chroma Shape, Contrast Shape, and others are extracted and normalized to facilitate efficient NN training. The study then proceeds to train the MLP neural network using these extracted features, concentrating on fine-tuning hyperparameters for precise classification. The neural network's performance is rigorously assessed through testing, validation, and metrics such as accuracy, precision, recall, and Fl-score. Results show that the neural network model effectively determines gender and singer identity in duet compositions with notable precision and few errors. This research highlights the capabilities of neural networks in music information retrieval and sets the stage for future developments in more sophisticated systems like neuro-fuzzy neural networks, which classification outcomes. could offer improved clarity in ABSTRACT My research represents an innovative approach that is able to classify gender and singers in duet compositions using NN. Utilizing a multi-layer perceptron (MLP) neural network, the research delves into the intricate process of classifying gender and singers from a dataset of duet songs. The methodology begins with the collection of a diverse range of duet songs from various sources, ensuring a broad representation of genders, genres, and vocal styles. These songs undergo a meticulous preprocessing phase, including noise reduction, normalization, and segmentation, to prepare clean and uniform audio data for feature extraction. Key characteristics for example are MFCCs, Chroma Shape, Contrast Shape, and others are extracted and normalized to facilitate efficient NN training. The study then proceeds to train the MLP neural network using these extracted features, concentrating on fine-tuning hyperparameters for precise classification. The neural network's performance is rigorously assessed through testing, validation, and metrics such as accuracy, precision, recall, and Fl-score. Results show that the neural network model effectively determines gender and singer identity in duet compositions with notable precision and few errors. This research highlights the capabilities of neural networks in music information retrieval and sets the stage for future developments in more sophisticated systems like neuro-fuzzy neural networks, which classification outcomes. could offer improved clarity in ABSTRACT My research represents an innovative approach that is able to classify gender and singers in duet compositions using NN. Utilizing a multi-layer perceptron (MLP) neural network, the research delves into the intricate process of classifying gender and singers from a dataset of duet songs. The methodology begins with the collection of a diverse range of duet songs from various sources, ensuring a broad representation of genders, genres, and vocal styles. These songs undergo a meticulous preprocessing phase, including noise reduction, normalization, and segmentation, to prepare clean and uniform audio data for feature extraction. Key characteristics for example are MFCCs, Chroma Shape, Contrast Shape, and others are extracted and normalized to facilitate efficient NN training. The study then proceeds to train the MLP neural network using these extracted features, concentrating on fine-tuning hyperparameters for precise classification. The neural network's performance is rigorously assessed through testing, validation, and metrics such as accuracy, precision, recall, and Fl-score. Results show that the neural network model effectively determines gender and singer identity in duet compositions with notable precision and few errors. This research highlights the capabilities of neural networks in music information retrieval and sets the stage for future developments in more sophisticated systems like neuro-fuzzy neural networks, which classification outcomes. could offer improved clarity in ABSTRACT My research represents an innovative approach that is able to classify gender and singers in duet compositions using NN. Utilizing a multi-layer perceptron (MLP) neural network, the research delves into the intricate process of classifying gender and singers from a dataset of duet songs. The methodology begins with the collection of a diverse range of duet songs from various sources, ensuring a broad representation of genders, genres, and vocal styles. These songs undergo a meticulous preprocessing phase, including noise reduction, normalization, and segmentation, to prepare clean and uniform audio data for feature extraction. Key characteristics for example are MFCCs, Chroma Shape, Contrast Shape, and others are extracted and normalized to facilitate efficient NN training. The study then proceeds to train the MLP neural network using these extracted features, concentrating on fine-tuning hyperparameters for precise classification. The neural network's performance is rigorously assessed through testing, validation, and metrics such as accuracy, precision, recall, and Fl-score. Results show that the neural network model effectively determines gender and singer identity in duet compositions with notable precision and few errors. This research highlights the capabilities of neural networks in music information retrieval and sets the stage for future developments in more sophisticated systems like neuro-fuzzy neural networks, which classification outcomes. could offer improved clarity in ABSTRACT My research represents an innovative approach that is able to classify gender and singers in duet compositions using NN. Utilizing a multi-layer perceptron (MLP) neural network, the research delves into the intricate process of classifying gender and singers from a dataset of duet songs. The methodology begins with the collection of a diverse range of duet songs from various sources, ensuring a broad representation of genders, genres, and vocal styles. These songs undergo a meticulous preprocessing phase, including noise reduction, normalization, and segmentation, to prepare clean and uniform audio data for feature extraction. Key characteristics for example are MFCCs, Chroma Shape, Contrast Shape, and others are extracted and normalized to facilitate efficient NN training. The study then proceeds to train the MLP neural network using these extracted features, concentrating on fine-tuning hyperparameters for precise classification. The neural network's performance is rigorously assessed through testing, validation, and metrics such as accuracy, precision, recall, and Fl-score. Results show that the neural network model effectively determines gender and singer identity in duet compositions with notable precision and few errors. This research highlights the capabilities of neural networks in music information retrieval and sets the stage for future developments in more sophisticated systems like neuro-fuzzy neural networks, which classification outcomes. could offer improved clarity in ABSTRACT My research represents an innovative approach that is able to classify gender and singers in duet compositions using NN. Utilizing a multi-layer perceptron (MLP) neural network, the research delves into the intricate process of classifying gender and singers from a dataset of duet songs. The methodology begins with the collection of a diverse range of duet songs from various sources, ensuring a broad representation of genders, genres, and vocal styles. These songs undergo a meticulous preprocessing phase, including noise reduction, normalization, and segmentation, to prepare clean and uniform audio data for feature extraction. Key characteristics for example are MFCCs, Chroma Shape, Contrast Shape, and others are extracted and normalized to facilitate efficient NN training. The study then proceeds to train the MLP neural network using these extracted features, concentrating on fine-tuning hyperparameters for precise classification. The neural network's performance is rigorously assessed through testing, validation, and metrics such as accuracy, precision, recall, and Fl-score. Results show that the neural network model effectively determines gender and singer identity in duet compositions with notable precision and few errors. This research highlights the capabilities of neural networks in music information retrieval and sets the stage for future developments in more sophisticated systems like neuro-fuzzy neural networks, which classification outcomes. could offer improved clarity in ABSTRACT My research represents an innovative approach that is able to classify gender and singers in duet compositions using NN. Utilizing a multi-layer perceptron (MLP) neural network, the research delves into the intricate process of classifying gender and singers from a dataset of duet songs. The methodology begins with the collection of a diverse range of duet songs from various sources, ensuring a broad representation of genders, genres, and vocal styles. These songs undergo a meticulous preprocessing phase, including noise reduction, normalization, and segmentation, to prepare clean and uniform audio data for feature extraction. Key characteristics for example are MFCCs, Chroma Shape, Contrast Shape, and others are extracted and normalized to facilitate efficient NN training. The study then proceeds to train the MLP neural network using these extracted features, concentrating on fine-tuning hyperparameters for precise classification. The neural network's performance is rigorously assessed through testing, validation, and metrics such as accuracy, precision, recall, and Fl-score. Results show that the neural network model effectively determines gender and singer identity in duet compositions with notable precision and few errors. This research highlights the capabilities of neural networks in music information retrieval and sets the stage for future developments in more sophisticated systems like neuro-fuzzy neural networks, which classification outcomes. could offer improved clarity in ABSTRACT My research represents an innovative approach that is able to classify gender and singers in duet compositions using NN. Utilizing a multi-layer perceptron (MLP) neural network, the research delves into the intricate process of classifying gender and singers from a dataset of duet songs. The methodology begins with the collection of a diverse range of duet songs from various sources, ensuring a broad representation of genders, genres, and vocal styles. These songs undergo a meticulous preprocessing phase, including noise reduction, normalization, and segmentation, to prepare clean and uniform audio data for feature extraction. Key characteristics for example are MFCCs, Chroma Shape, Contrast Shape, and others are extracted and normalized to facilitate efficient NN training. The study then proceeds to train the MLP neural network using these extracted features, concentrating on fine-tuning hyperparameters for precise classification. The neural network's performance is rigorously assessed through testing, validation, and metrics such as accuracy, precision, recall, and Fl-score. Results show that the neural network model effectively determines gender and singer identity in duet compositions with notable precision and few errors. This research highlights the capabilities of neural networks in music information retrieval and sets the stage for future developments in more sophisticated systems like neuro-fuzzy neural networks, which classification outcomes. could offer improved clarity in ABSTRACT My research represents an innovative approach that is able to classify gender and singers in duet compositions using NN. Utilizing a multi-layer perceptron (MLP) neural network, the research delves into the intricate process of classifying gender and singers from a dataset of duet songs. The methodology begins with the collection of a diverse range of duet songs from various sources, ensuring a broad representation of genders, genres, and vocal styles. These songs undergo a meticulous preprocessing phase, including noise reduction, normalization, and segmentation, to prepare clean and uniform audio data for feature extraction. Key characteristics for example are MFCCs, Chroma Shape, Contrast Shape, and others are extracted and normalized to facilitate efficient NN training. The study then proceeds to train the MLP neural network using these extracted features, concentrating on fine-tuning hyperparameters for precise classification. The neural network's performance is rigorously assessed through testing, validation, and metrics such as accuracy, precision, recall, and Fl-score. Results show that the neural network model effectively determines gender and singer identity in duet compositions with notable precision and few errors. This research highlights the capabilities of neural networks in music information retrieval and sets the stage for future developments in more sophisticated systems like neuro-fuzzy neural networks, which classification outcomes. could offer improved clarity in ABSTRACT My research represents an innovative approach that is able to classify gender and singers in duet compositions using NN. Utilizing a multi-layer perceptron (MLP) neural network, the research delves into the intricate process of classifying gender and singers from a dataset of duet songs. The methodology begins with the collection of a diverse range of duet songs from various sources, ensuring a broad representation of genders, genres, and vocal styles. These songs undergo a meticulous preprocessing phase, including noise reduction, normalization, and segmentation, to prepare clean and uniform audio data for feature extraction. Key characteristics for example are MFCCs, Chroma Shape, Contrast Shape, and others are extracted and normalized to facilitate efficient NN training. The study then proceeds to train the MLP neural network using these extracted features, concentrating on fine-tuning hyperparameters for precise classification. The neural network's performance is rigorously assessed through testing, validation, and metrics such as accuracy, precision, recall, and Fl-score. Results show that the neural network model effectively determines gender and singer identity in duet compositions with notable precision and few errors. This research highlights the capabilities of neural networks in music information retrieval and sets the stage for future developments in more sophisticated systems like neuro-fuzzy neural networks, which classification outcomes. could offer improved clarity in ABSTRACT My research represents an innovative approach that is able to classify gender and singers in duet compositions using NN. Utilizing a multi-layer perceptron (MLP) neural network, the research delves into the intricate process of classifying gender and singers from a dataset of duet songs. The methodology begins with the collection of a diverse range of duet songs from various sources, ensuring a broad representation of genders, genres, and vocal styles. These songs undergo a meticulous preprocessing phase, including noise reduction, normalization, and segmentation, to prepare clean and uniform audio data for feature extraction. Key characteristics for example are MFCCs, Chroma Shape, Contrast Shape, and others are extracted and normalized to facilitate efficient NN training. The study then proceeds to train the MLP neural network using these extracted features, concentrating on fine-tuning hyperparameters for precise classification. The neural network's performance is rigorously assessed through testing, validation, and metrics such as accuracy, precision, recall, and Fl-score. Results show that the neural network model effectively determines gender and singer identity in duet compositions with notable precision and few errors. This research highlights the capabilities of neural networks in music information retrieval and sets the stage for future developments in more sophisticated systems like neuro-fuzzy neural networks, which classification outcomes. could offer improved clarity in ABSTRACT My research represents an innovative approach that is able to classify gender and singers in duet compositions using NN. Utilizing a multi-layer perceptron (MLP) neural network, the research delves into the intricate process of classifying gender and singers from a dataset of duet songs. The methodology begins with the collection of a diverse range of duet songs from various sources, ensuring a broad representation of genders, genres, and vocal styles. These songs undergo a meticulous preprocessing phase, including noise reduction, normalization, and segmentation, to prepare clean and uniform audio data for feature extraction. Key characteristics for example are MFCCs, Chroma Shape, Contrast Shape, and others are extracted and normalized to facilitate efficient NN training. The study then proceeds to train the MLP neural network using these extracted features, concentrating on fine-tuning hyperparameters for precise classification. The neural network's performance is rigorously assessed through testing, validation, and metrics such as accuracy, precision, recall, and Fl-score. Results show that the neural network model effectively determines gender and singer identity in duet compositions with notable precision and few errors. This research highlights the capabilities of neural networks in music information retrieval and sets the stage for future developments in more sophisticated systems like neuro-fuzzy neural networks, which classification outcomes. could offer improved clarity in ABSTRACT My research represents an innovative approach that is able to classify gender and singers in duet compositions using NN. Utilizing a multi-layer perceptron (MLP) neural network, the research delves into the intricate process of classifying gender and singers from a dataset of duet songs. The methodology begins with the collection of a diverse range of duet songs from various sources, ensuring a broad representation of genders, genres, and vocal styles. These songs undergo a meticulous preprocessing phase, including noise reduction, normalization, and segmentation, to prepare clean and uniform audio data for feature extraction. Key characteristics for example are MFCCs, Chroma Shape, Contrast Shape, and others are extracted and normalized to facilitate efficient NN training. The study then proceeds to train the MLP neural network using these extracted features, concentrating on fine-tuning hyperparameters for precise classification. The neural network's performance is rigorously assessed through testing, validation, and metrics such as accuracy, precision, recall, and Fl-score. Results show that the neural network model effectively determines gender and singer identity in duet compositions with notable precision and few errors. This research highlights the capabilities of neural networks in music information retrieval and sets the stage for future developments in more sophisticated systems like neuro-fuzzy neural networks, which classification outcomes. could offer improved clarity in  aDepartment of Electronic Engineering  uhttps://tinyurl.com/4bew6e4j cTHESIS 00104070aRESEARCHbRESEARCHd2024-07-26l1pMP/91-1318r2025-07-04 00:00:00s2025-07-03w2024-07-26yTHESIS 00104070aRESEARCHbRESEARCHd2026-03-02l0pMP/92-1336r2026-03-02 00:00:00w2026-03-02yTHESIS 00104070aRESEARCHbRESEARCHd2026-03-02l0pMP/92-1335r2026-03-02 00:00:00w2026-03-02yTHESIS